Statistics for The Beatles Charting Songs (Billboard Hot 100)

Click here to take the quiz!

General Stats

  • This quiz has been taken 44 times
    (27 since last reset)
  • The average score is 30 of 71

Answer Stats

AlbumWeeks OnPeakArtist(s)Song% Correct
Hey Jude19 Weeks#1 (9 Weeks)The BeatlesHey Jude
100%
A Hard Day's Night13 Weeks#1 (2 Weeks)The BeatlesA Hard Day's Night
96%
Help!11 Weeks#1 (4 Weeks)The BeatlesYesterday
96%
Let It Be14 Weeks#1 (2 Weeks)The BeatlesLet It Be
92%
Help!13 Weeks#1 (3 Weeks)The BeatlesHelp!
88%
Meet The Beatles!15 Weeks#1 (7 Weeks)The BeatlesI Want To Hold Your Hand
83%
Abbey Road16 Weeks#1 (1 Week)The BeatlesCome Together / Something
83%
Please Please Me13 Weeks#3The BeatlesPlease Please Me
83%
Revolver / Yellow Submarine9 Weeks#2The BeatlesYellow Submarine
79%
Please Please Me14 Weeks#1 (1 Week)The BeatlesLove Me Do
75%
Magical Mystery Tour9 Weeks#8The BeatlesStrawberry Fields Forever
75%
Non-Album Single12 Weeks#1 (5 Weeks)The Beatles with Billy PrestonGet Back
75%
Abbey Road6 Weeks#3The BeatlesSomething
75%
Please Please Me26 Weeks#2The BeatlesTwist and Shout
75%
Hey Jude10 Weeks#1 (2 Weeks)The BeatlesPaperback Writer
71%
Non-Album Single1 Week#97The BeatlesSie Liebt Dich (She Loves You)
71%
The Beatles' Second Album15 Weeks#1 (2 Weeks)The BeatlesShe Loves You
71%
Magical Mystery Tour10 Weeks#1 (1 Week)The BeatlesPenny Lane
67%
Revolver8 Weeks#11The BeatlesEleanor Rigby
67%
Help!11 Weeks#1 (1 Week)The BeatlesTicket to Ride
63%
Magical Mystery Tour11 Weeks#1 (1 Week)The BeatlesAll You Need Is Love
58%
Beatles for Sale10 Weeks#1 (2 Weeks)The BeatlesEight Days a Week
58%
Please Please Me11 Weeks#14The BeatlesI Saw Her Standing There
54%
Sgt Pepper's Lonely Hearts Club Band7 Weeks#71The BeatlesSgt Pepper's Lonely Hearts Club Band / With a Little Help From My Friends
54%
Let It Be10 Weeks#1 (2 Weeks)The BeatlesThe Long and Winding Road / For You Blue
54%
Magical Mystery Tour4 Weeks#56The BeatlesI am the Walrus
50%
Beatles '6511 Weeks#1 (3 Weeks)The BeatlesI Feel Fine
50%
Anthology 211 Weeks#12The BeatlesRevolution
50%
Hey Jude11 Weeks#4The BeatlesLady Madonna
50%
Yesterday and Today10 Weeks#5The BeatlesDay Tripper
50%
With the Beatles6 Weeks#45The BeatlesAll My Loving
50%
Magical Mystery Tour11 Weeks#1 (3 Weeks)The BeatlesHello, Goodbye
46%
Hey Jude9 Weeks#8The BeatlesThe Ballad of John and Yoko
46%
Yesterday and Today12 Weeks#1 (3 Weeks)The BeatlesWe Can Work It Out
46%
A Hard Day's Night9 Weeks#12The BeatlesAnd I Love Her
42%
White Album (The Beatles)7 Weeks#49The BeatlesOb-la-di, Ob-la-da
42%
Hey Jude7 Weeks#23The BeatlesRain
38%
Rubber Soul9 Weeks#3The BeatlesNowhere Man
38%
A Hard Day's Night10 Weeks#1 (4 Weeks)The BeatlesCan't Buy Me Love
38%
Jolly What! The Beatles and Frank Ifield on Stage6 Weeks#41The BeatlesFrom Me to You
33%
With the Beatles4 Weeks#68The BeatlesRoll Over Beethoven
29%
My Bonnie6 Weeks#26The Beatles with Tony SheridanMy Bonnie
29%
Hey Jude4 Weeks#35The Beatles with Billy PrestonDon't Let Me Down
29%
A Hard Day's Night9 Weeks#53The BeatlesIf I Fell
25%
A Hard Day's Night4 Weeks#53The BeatlesI Should Have Known Better
21%
A Hard Day's Night7 Weeks#25The BeatlesI'll Cry Instead
21%
Magical Mystery Tour5 Weeks#34The BeatlesBaby, You're A Rich Man
21%
Please Please Me11 Weeks#2The BeatlesDo You Want To Know A Secret
21%
A Hard Day's Night4 Weeks#48The BeatlesYou Can't Do That
21%
Please Please Me8 Weeks#10The BeatlesP.S. I Love You
21%
Please Please Me1 Week#74The BeatlesThere's a Place
17%
Anthology 27 Weeks#11The BeatlesReal Love
17%
Beatles '659 Weeks#4The BeatlesShe's a Woman
17%
Anthology 111 Weeks#6The BeatlesFree as a Bird
17%
Beatles VI4 Weeks#46The BeatlesYes It Is
13%
Rock 'n' Roll Music16 Weeks#7The BeatlesGot to Get You Into My Life
13%
Non-Album Single1 Week#96The BeatlesThe Inner Light
13%
Rubber Soul2 Weeks#81The BeatlesWhat Goes On
13%
Something New7 Weeks#25The BeatlesSlow Down
13%
Beatles for Sale6 Weeks#39The BeatlesI Don't Want to Spoil the Party
13%
Something New8 Weeks#17The BeatlesMatchbox
13%
Live at the BBC4 Weeks#67The BeatlesBaby It's You
8%
Help!7 Weeks#47The BeatlesAct Naturally
8%
The Beatles' Second Album7 Weeks#35The BeatlesThank You Girl
8%
Four by the Beatles3 Weeks#92The BeatlesFour by the Beatles
8%
A Hard Day's Night1 Week#95The BeatlesI'm Happy Just to Dance with You
8%
4 by the Beatles5 Weeks#68The Beatles4 by the Beatles
8%
A Hard Day's Night (U.S. Edition)8 Weeks#53George Martin and his Orch.Ringo's Theme (This Boy)
4%
The Beatles' First9 Weeks#19The BeatlesAin't She Sweet
4%
Non-Album Single11 Weeks#12The BeatlesThe Beatles Movie Medley
0%
The Beatles' First1 Week#88The Beatles with Tony SheridanWhy
0%

Score Distribution

Percentile by Number Answered

Percent of People with Each Score

Your Score History

You have not taken this quiz since the last reset